Joe Biden - Portrayals by Picture - Statistics

General Stats
  • This quiz has been taken 9 times
  • The average score is 4 of 8
Answer Stats
Picture Answer % Correct
Jim Carrey
89%
John Mulaney
78%
Woody Harrelson
78%
Kevin Nealon
56%
Greg Kinnear
33%
Alex Moffat
22%
James Austin Johnson
22%
Jason Sudekis
11%
No matching quizzes found
Score Distribution
Percent of People with Each Score
Percentile by Number Answered
Your Score History
You have not taken this quiz